01995 a2200205 45000010006000000050017000060080041000230030015000640400040000790800031001192450042001500200022001922500012002142640034002263000026002605051343002861000033016297000028016628560099016902120720260407155502.0260407a2008 arg spa dAR-UNSa-BCEJYS aAR-UNSa-BCEJYSbspacAR-UNSa-BCEJYS a330xEconomía en general10aEconomíapprincipios y aplicaciones a978-970-10-6794-9 a4a. ed. 1aMéxico :bMcGraw-Hillc2008 axviii, 619 p.c27 cm. a1. La economía: concetos básicos - 2. La oferta, la demanda y el mercado: aplicaciones - 3. La elasticidad y sus aplicaciones - 4. La demanda y el comportamiento del consumidor - 5. La empresa: producción, costos y beneficios - 6. La empresa en los mercados de competencia perfecta - 7. El monopolio - 8. El oligopolio - 9. La retribución de los factores: el mercado de trabajo - 10. Eficiencia y fallas del mercado: externalidades, bienes públicos e información imperfecta - 11. El papel del estado en la economía: la distribución del ingreso, los impuestos y la regulación - 12. Una visión global: la macroeconomía - 13. La medición del PIB: del PIB al ingreso disponible - 14. El equilibrio del mercado de bienes: el modelo Heynesiano y la política fiscal - 15. Funciones del dinero - 16. El banco central, el equilibrio del mercado de dinero y la política monetaria - 17. El comercio internacional y la balanza de pagos - 18. El mercado de divisas - 19. La oferta agregada y la curva de Phillips: inflación y desempleo - 20. Los políticas macroeconómicas en los modelos clásico, Heynesiano y de la sintesís - 21. Los ciclos económicos: fluctuaciones de la producción y del empleo - 22. El crecimiento económico y el desarrollo - 23. La globalización, la tecnología y la nueva economía1 aMochón Morcillo, Francisco1 aBeker, Víctor Alberto41uhttps://www.biblioeco.unsa.edu.ar/pmb/images/libros/L119223.jpgyImagen de portadaqimage/jpeg